| 000 | 01095cam a22001934a 4500 | ||
|---|---|---|---|
| 005 | 20250605163503.0 | ||
| 008 | 250528s ||||||||||||||||||||||||d | ||
| 035 | _a20317 | ||
| 020 | _a1587131196 | ||
| 040 |
_aGR-AtMCL _bgre _dGR-AtMCL _eAACR2 |
||
| 245 | 1 | _aCisco Networking Academy Program Fundamentals of Wireless LANs Companion Guide / The only authorized textbook for the Cisco Networking Academy Program | |
| 250 | _a4th | ||
| 260 |
_bCisco Press, _c2005 |
||
| 300 | _a854 | ||
| 520 | _aThis Cisco Systems authorized textbook is a portable desk reference designed to accompany the Fundamentals of Wireless LANs online course in the Cisco Networking Academy Program. Includes CD ROM. Wireless Technology Background, Introduction to Wireless LANs, Wireless Equipment, IEE 802. 11 and Network Interface Cards, Wireless Radio Technology, Wireless Topologies, Access Points, Bridges, Antennas, Wireless Site Security and Preparation, Security, Applications and Design and Site Survey Preparation, Site Survey and Installation. | ||
| 942 | _cBK | ||
| 999 |
_c5439 _d5439 |
||